000 00653nam a2200229Ia 4500
001 13228
003 GE_BSU
008 181216s||||||||xx |||||||||||||| ||und||
040 _cGE_BSU
080 _a632
100 _aПланк,Я.Е.
245 _aБолезни растении(Эпифитотии и борьба с ними)
245 _cРед.Е.Н.Фолькман
260 _aМосква
260 _bКолос
260 _c1966
300 _a360стр.20см.
300 _cБиблиогр.с.344-353
653 _aБолезни растении
653 _aЭпифитотии и борьба с ними
942 _cBK
999 _c46392
_d46392